The 10 - Day MBA - A Step-by-Step Guide to Mastering the Skills Taught in Top Business Schools (Record no. 9643)

MARC details
000 -LEADER
fixed length control field 00446nam a2200157Ia 4500
008 - FIXED-LENGTH DATA ELEMENTS--GENERAL INFORMATION
fixed length control field 221030s9999 xx 000 0 und d
020 ## - INTERNATIONAL STANDARD BOOK NUMBER
ISBN 8178090163
041 ## - LANGUAGE CODE
Language code of text/sound track or separate title
082 ## - DEWEY DECIMAL CLASSIFICATION NUMBER
Classification number 105.23
100 ## - MAIN ENTRY--AUTHOR NAME
Personal name S. Silbiger
245 #4 - TITLE STATEMENT
Title The 10 - Day MBA - A Step-by-Step Guide to Mastering the Skills Taught in Top Business Schools
Statement of responsibility, etc by S. Silbiger
260 ## - PUBLICATION, DISTRIBUTION, ETC. (IMPRINT)
Name of publisher Magna Pub. Co.
Place of publication Mumbai
Year of publication 1999
300 ## - PHYSICAL DESCRIPTION
Number of Pages 361
650 ## - SUBJECT ADDED ENTRY--TOPICAL TERM
Topical Term Management
942 ## - ADDED ENTRY ELEMENTS (KOHA)
Koha item type Books
Holdings
Accession Number Cost, normal purchase price Full call number Source of acquisition Price effective from Koha item type Withdrawn / writtenoff status Materials specified (bound volume or other part) Damaged status Not for loan Permanent Location Current Location Shelving location Date acquired Lost/ Missing status department
MBA 1804 250.00 105.23 Gifted by JD MIET 10/30/2022 Books   Print     MIET Library, Jammu MIET Library, Jammu 193/2 09/20/2011   MBA